Responses for Show #6220 - Friday, October 7, 2011

Joon Pahk game 5.

Contestants

[<< previous game]

Adam Perrotta, a writer originally from Saratoga Springs, New York

Bret Jacobs, a financial consultant from Irvine, California

Joon Pahk, a college physics teacher from Somerville, Massachusetts (whose 4-day cash winnings total $129,400)

[next game >>]

Jeopardy! Round responses

HISTORY
SPLITSVILLE
IN THE PINK
HOW IS THAT PREPARED?
(Alex: The basic preparation. Don't overcomplicate it for us.)
NAME CALLING
NATIONAL GEOGRAPHIC BRAIN GAMES
(Alex: That's a new show that will air this Sunday on the National Geographic Channel.)
    $200 1
(Adam: Who is Peter the Great?)

Ivan the Terrible

BretAdam
    $200 2
Britney Spears

Joon
    $200 11
breast cancer

Adam
    $200 20
(Adam: What is sautéed? Or [*]?)
[Adam was ruled incorrect before giving the correct response.]

fried

BretAdam
    $200 15
munchkin

Joon
    $200 26
(Alex: With less than a minute to go.)

shadows

Adam
    $400 3
Nottingham

Joon
    $400 5
Eva Longoria

Joon
    $400 12
Buenos Aires

Bret
    $400 21
baked

Adam
    $400 16
a couch potato

Joon
    $400 30
multitasking

Joon
    $600 4
1929

Bret
    $600 8
Richie Sambora

Adam
    $600 13
Pepto-Bismol

Joon
    $600 22
grilled

Bret
    $600 17
a hammerhead

Joon
    $600 29
post-traumatic stress disorder

Bret
    $1,000 6
the League of Nations

Joon
    $800 9
Olivia Wilde

Triple Stumper
    $800 14
Range Rover

Triple Stumper
    $800 23
roasted

Adam
    $800 18
a muggle

Joon
    $800 28
watts

Bret
    $1000 7
Nero

Joon
    $1000 10
Ryan Phillippe

Adam
    $1000 25
pink elephants

Bret
    $1000 24
(Adam: What is deep fried?)

steamed

Adam
Triple Stumper
    $1000 19
Jughead

Bret
    $1000 27
the hippocampus

Joon

Scores at the first commercial break (after clue 15):

Joon Bret Adam
$3,800 $1,200 $1,600

Scores at the end of the Jeopardy! Round:

Joon Bret Adam
$7,000 $5,400 $1,800

Double Jeopardy! Round responses

GET YOUR WORDSWORTH HERE!
OLD (REALLY OLD) PHOTOS
AMERICAN ISLANDS
"SIT" OR "STAND"
MAGAZINES
LATINOS IN HOLLYWOOD
    $400 10
(Alex: [*] is the city.)

London

Joon
    $400 4
(Bret: Who is Brady?)

Lewis Carroll

Bret
Triple Stumper
    $400 22
Hawaii

Joon
    $400 2
sit-ups

Joon
    $400 1
Reader's Digest

Joon
    $400 21
Lamas

Joon
    $800 11
Lake District (or Country)

Joon
    $800 5
Paris

Joon
    $800 23
the Potomac

Joon
    $800 3
the Situation Room

Bret
    $800 9
Rolling Stone

Joon
    $800 27
(Bret: Who is America Ferrer?)

America Ferrera

BretAdam
    $1200 12
[Alex read "W.W." in the clue as "William Wordsworth".]
(Joon: What are daffodils?)
...
(Alex: Yes, splendour in [*].)

the grass

JoonAdam
    $1200 18
the Sioux

Joon
    $1200 24
San Francisco Bay

Bret
    $1200 6
the sitar

Joon
    $1200 17
Bon Appétit

Joon
    $1200 30
(Alex: And that beautiful girl's name is [*].)

Rosario Dawson

Triple Stumper
    $1600 15
the man

Triple Stumper
    $1600 19
Tom Thumb

Adam
    $1600 25
Rhode Island

Joon
    $1600 7
a standard

Joon
    $1600 14
Prevention

Joon
    $1600 29
(Joon: Who is Leone?)

(Robert) Rodriguez

JoonAdam
    $2000 16
daffodils

Joon
    $2000 20
the Crimean War

Joon
    $2,500 26
(Joon: What is Austin Island?)

Galveston

Joon
    $2000 8
a stand-down

Bret
    $3,000 13
Vogue

Adam
    $2000 28
(Adam: Who is Carmen Miranda?)
...
(Alex: Who is the beautiful [*].)

Rita Hayworth

Adam
Triple Stumper

Scores at the end of the Double Jeopardy! Round:

Joon Bret Adam
$19,300 $8,200 $8,000
(lock game)

[wagering suggestions for these scores]

Final Jeopardy! Round responses

ROYALTY
(Alex: [Revealing Bret's response] Who is [*], the son of Prince Rainier. You are right. [*] also the son of Grace Kelly.)
AdamWho is Ranier?
$201
BretWho is Prince Albert
$8,199
JoonWho is Prince Rainier?
$2,500
Prince Albert

Final scores:

Joon Bret Adam
$16,800 $16,399 $7,799
5-day champion: $146,200 2nd place: $2,000 3rd place: $1,000

Game dynamics:

Coryat scores:

Joon Bret Adam
$21,600 $8,200 $7,000
29 R
(including 1 DD),
3 W
(including 1 DD)
12 R,
2 W
11 R
(including 1 DD),
4 W

Combined Coryat: $36,800

[game clues] [game scores] [suggest correction]

Game tape date: 2011-08-24
The J! Archive is created by fans, for fans. Scraping, republication, monetization, and malicious use prohibited; this site may use cookies and collect identifying information. See terms. The Jeopardy! game show and all elements thereof, including but not limited to copyright and trademark thereto, are the property of Jeopardy Productions, Inc. and are protected under law. This website is not affiliated with, sponsored by, or operated by Jeopardy Productions, Inc. Join the discussion at JBoard.tv.